Diccionario infantil (Registro nro. 10482)

Detalles MARC
000 -CABECERA
Longitud fija campo de control 00582nam a22001935b 4500
001 - NÚMERO DE CONTROL
Número de control bimo0000447112
003 - IDENTIFICADOR DELl NÚMERO DE CONTROL
Identificador del número de control OSt
005 - FECHA Y HORA DE LA ÚLTIMA TRANSACCIÓN
Fecha y hora de la última transacción 20140527165517.0
008 - CÓDIGOS DE INFORMACIÓN DE LONGITUD FIJA
Códigos de información de longitud fija 950713s1994 esp spa
020 ## - NÚMERO INTERNACIONAL NORMALIZADO PARA LIBROS
Número Internacional Normalizado para Libros (ISBN) 84-8055-050-3 (obra completa)
040 ## - FUENTE DE LA CATALOGACIÓN
Centro catalogador de origen SpMaBN
Lengua de catalogación spa
Centro transcriptor BMC
Normas de descripción rdc
082 ## - NÚMERO DE LA CLASIFICACIÓN DECIMAL DEWEY
Númeroo de clasificación 030.083
245 00 - MENCIÓN DE TÍTULO
Título Diccionario infantil
260 ## - PUBLICACIÓN, DISTRIBUCIÓN, ETC. (PIE DE IMPRENTA)
Lugar de publicación, distribución, etc. Madrid
Nombre del editor, distribuidor, etc. Cultural
Fecha de publicación, distribución, etc. 1994
300 ## - DESCRIPCIÓN FÍSICA
Extensión 1 caja (4 v.)
Otras características físicas il. col.
Dimensiones 27 cm
505 ## - NOTA DE CONTENIDO CON FORMATO
Nota de contenido con formato Contiene: Vol. 1: a-ch – Vol. 2: d-k – Vol. 3: l-p – Vol. 4: q-z
650 24 - PUNTO DE ACCESO ADICIONAL DE MATERIA - TÉRMINO DE MATERIA
Término de materia o nombre geográfico como elemento inicial Enciclopedias infantiles y juveniles
9 (RLIN) 17382
942 ## - ENTRADA DE ELEMENTOS AGREGADOS (KOHA)
Fuente de clasificaión o esquema Dewey Decimal Classification
Koha [por defecto] tipo de item 1- Monografias
Existencias
Suprimido Perdido Fuente de clasificación o esquema Estropeado Restricciones de uso No para préstamo Código de colección Localización permanente Localización actual Localización en estanter&íacute;as Fecha adquisición Fuente de adquisición Número de inventario Préstamos totales Signatura completa Código de barras Fecha última consulta Fecha último préstamo Coste, precio reemplazado Fecha del precio de reemplazo Tipo de item de Koha
NULL NULL Dewey Decimal Classification NULL Prestable NULL NULL Biblioteca Miguel de Cervantes - UNICAES Biblioteca Miguel de Cervantes - UNICAES Sala Principal 27/05/2014 Donación - COREI, S.A de C.V 016649 2 030.083 DIC (v. 1) 1016992 18/10/2019 18/10/2019 18.00 27/05/2014 1- Monografias
NULL NULL Dewey Decimal Classification NULL Prestable NULL NULL Biblioteca Miguel de Cervantes - UNICAES Biblioteca Miguel de Cervantes - UNICAES Sala Principal 27/05/2014 Donación - COREI, S.A de C.V 016650 2 030.083 DIC (v. 2) 1016993 18/10/2019 18/10/2019 18.00 27/05/2014 1- Monografias
NULL NULL Dewey Decimal Classification NULL Prestable NULL NULL Biblioteca Miguel de Cervantes - UNICAES Biblioteca Miguel de Cervantes - UNICAES Sala Principal 27/05/2014 Donación - COREI, S.A de C.V 016651   030.083 DIC (v. 3) 1016994 27/05/2014   18.00 27/05/2014 1- Monografias
NULL NULL Dewey Decimal Classification NULL Prestable NULL NULL Biblioteca Miguel de Cervantes - UNICAES Biblioteca Miguel de Cervantes - UNICAES Sala Principal 27/05/2014 Donación - COREI, S.A de C.V 016652 1 030.083 DIC (v. 4) 1016995 18/10/2019 18/10/2019 18.00 27/05/2014 1- Monografias